Recent Advances in Structural Engineering (Record no. 217234)

MARC details
000 -LEADER
fixed length control field 00491nam a2200205Ia 4500
008 - FIXED-LENGTH DATA ELEMENTS--GENERAL INFORMATION
fixed length control field 240823s9999||||xx |||||||||||||| ||und||
020 ## - INTERNATIONAL STANDARD BOOK NUMBER
International Standard Book Number 81-7371-493-2
082 ## - DEWEY DECIMAL CLASSIFICATION NUMBER
-- 624.1 Q2
100 ## - MAIN ENTRY--PERSONAL NAME
Personal name Jagadish K S
245 #0 - TITLE STATEMENT
Title Recent Advances in Structural Engineering
250 ## - EDITION STATEMENT
Edition statement 1st
260 ## - PUBLICATION, DISTRIBUTION, ETC. (IMPRINT)
Date of publication, distribution, etc 2012
Name of publisher, distributor, etc Universities Press Hyd
500 ## - GENERAL NOTE
General note YES
650 ## - SUBJECT ADDED ENTRY--TOPICAL TERM
Topical term or geographic name as entry element Structure
700 ## - ADDED ENTRY--PERSONAL NAME
Personal name Iyengar R N
942 ## - ADDED ENTRY ELEMENTS (KOHA)
Item type Books
Holdings
Withdrawn status Lost status Damaged status Permanent location Current location Shelving location Date acquired Source of acquisition Cost, normal purchase price Full call number Barcode Date last seen Koha item type
      CENTRAL LIBRARY, NOORUL ISLAM CENTRE FOR HIGHER EDUCATION CENTRAL LIBRARY, NOORUL ISLAM CENTRE FOR HIGHER EDUCATION   01/06/2014 TBH Library Book Suppliers 725.00 624.1 Q2 66772 08/23/2024 Books
Visitors:
Copyright © 2024 Central Library NICHE.  All rights reserved.